| 000 | 00608nam a2200181Ia 4500 | ||
|---|---|---|---|
| 008 | 100917s9999 xx 000 0 und d | ||
| 082 | _b22980 | ||
| 100 | _aमाडखोलकर गजानन त्र्यंबक | ||
| 245 | _aअनघा (आवृत्ती 2 री) | ||
| 260 |
_bमॅजेस्टिक प्रकाशन _c1970 |
||
| 300 | _a198 | ||
| 365 | _b10 | ||
| 520 | _aकादंबरी | ||
| 630 | _aअनघा (आवृत्ती 2 री) | ||
| 650 | _aकादंबरी | ||
| 730 | _aअनघा (आवृत्ती 2 री) | ||
| 942 | _cBOOK | ||
| 999 |
_c628374 _d628371 |
||